Reactivity of aluminum, iron, and copper nanopowders in metalsulfur system; Materials Letters; Vol. 414
| Parent link: | Materials Letters.— .— Amsterdam: Elsevier Science Publishing Company Inc. Vol. 414.— 2026.— Article number 140535, 4 p. |
|---|---|
| Glavni autor: | |
| Daljnji autori: | , |
| Sažetak: | Title screen The combustion products in air of aluminum, iron, and copper nanopowders mixed with sulfur were studied. It was shown that aluminum nanopowder exhibited the lowest reactivity, while copper nanopowder exhibited the highest. The sulfide content in the combustion products of copper nanopowder mixed with sulfur was highest (100%). The combustion products of aluminum nanopowder mixed with sulfur contained only 60% sulfides. Iron nanopowder had intermediate reactivity; the content of sulfides in the combustion products of its mixture with sulfur was 82% Текстовый файл AM_Agreement |
| Jezik: | engleski |
| Izdano: |
2026
|
| Teme: | |
| Online pristup: | https://doi.org/10.1016/j.matlet.2026.140535 |
| Format: | Elektronički Poglavlje knjige |
| KOHA link: | https://koha.lib.tpu.ru/cgi-bin/koha/opac-detail.pl?biblionumber=686070 |
MARC
| LEADER | 00000naa0a2200000 4500 | ||
|---|---|---|---|
| 001 | 686070 | ||
| 005 | 20260409141009.0 | ||
| 090 | |a 686070 | ||
| 100 | |a 20260409d2026 k||y0rusy50 ba | ||
| 101 | 0 | |a eng | |
| 102 | |a NL | ||
| 135 | |a drcn ---uucaa | ||
| 181 | 0 | |a i |b e | |
| 182 | 0 | |a b | |
| 183 | 0 | |a cr |2 RDAcarrier | |
| 200 | 1 | |a Reactivity of aluminum, iron, and copper nanopowders in metalsulfur system |f Yu. A. Amelkovich, A. A. Sechin, O. B. Nazarenko | |
| 203 | |a Текст |b визуальный |c электронный | ||
| 283 | |a online_resource |2 RDAcarrier | ||
| 300 | |a Title screen | ||
| 320 | |a References: 12 tit | ||
| 330 | |a The combustion products in air of aluminum, iron, and copper nanopowders mixed with sulfur were studied. It was shown that aluminum nanopowder exhibited the lowest reactivity, while copper nanopowder exhibited the highest. The sulfide content in the combustion products of copper nanopowder mixed with sulfur was highest (100%). The combustion products of aluminum nanopowder mixed with sulfur contained only 60% sulfides. Iron nanopowder had intermediate reactivity; the content of sulfides in the combustion products of its mixture with sulfur was 82% | ||
| 336 | |a Текстовый файл | ||
| 371 | 0 | |a AM_Agreement | |
| 461 | 1 | |t Materials Letters |c Amsterdam |n Elsevier Science Publishing Company Inc. | |
| 463 | 1 | |t Vol. 414 |v Article number 140535, 4 p. |d 2026 | |
| 610 | 1 | |a электронный ресурс | |
| 610 | 1 | |a труды учёных ТПУ | |
| 610 | 1 | |a Metal nanopowders | |
| 610 | 1 | |a Sulfur | |
| 610 | 1 | |a Reactivity | |
| 610 | 1 | |a Combustion | |
| 610 | 1 | |a Metal sulfides | |
| 700 | 1 | |a Amelkovich |b Yu. A. |c Specialist in the field of ecology and life safety |c Associate Professor of Tomsk Polytechnic University, Candidate of technical sciences |f 1980- |g Yuliya Alexandrovna |9 15834 | |
| 701 | 1 | |a Sechin |b A. A. |c specialist in the field of ecology and life safety |c associate Professor of Tomsk Polytechnic University, candidate of technical Sciences |f 1974- |g Andrey Alexandrovich |9 19191 | |
| 701 | 1 | |a Nazarenko |b O. B. |c Specialist in the field of ecology and life safety |c Professor of Tomsk Polytechnic University, Doctor of technical sciences |f 1963- |g Olga Bronislavovna |9 15988 | |
| 801 | 0 | |a RU |b 63413507 |c 20260409 | |
| 850 | |a 63413507 | ||
| 856 | 4 | 0 | |u https://doi.org/10.1016/j.matlet.2026.140535 |z https://doi.org/10.1016/j.matlet.2026.140535 |
| 942 | |c CF | ||